[Event "chess.com SpeedChess Q1Sw"]
[Site "chess.com INT"]
[Date "2022.11.10"]
[Round "5"]
[White "Jeet, Jain"]
[Black "Aditya, Mittal"]
[Result "1/2-1/2"]
[WhiteTitle "FM"]
[BlackTitle "IM"]
[WhiteElo "2139"]
[BlackElo "2486"]
[WhiteFideId "5073022"]
[BlackFideId "35042025"]
[EventDate "2022.11.10"]

1. Nf3 d5 2. b3 c5 3. Bb2 Nf6 4. d3 Nc6 5. g3 Bg4 6. Bg2 e6 7. O-O Be7 8. Nbd2
O-O 9. h3 Bh5 10. c4 a5 11. a3 a4 12. bxa4 Qa5 13. cxd5 exd5 14. Rc1 Qxa4 15. g4
Bg6 16. Nh4 Rfd8 17. Nxg6 hxg6 18. Rc2 Nd4 19. Bxd4 Qxd4 20. Nb3 Qe5 21. Nxc5
Bd6 22. Re1 Qh2+ 23. Kf1 Bxc5 24. Rxc5 Rxa3 25. Qb1 Re8 26. Qxb7 Ra2 27. Rc8
Rxc8 28. Qxc8+ Kh7 29. Qb7 Kg8 30. Rc1 Qf4 31. Qc7 Qd2 32. Bf3 g5 33. Kg2 Kh7
34. Rb1 Qc2 35. Qb7 Kg6 36. Rh1 Qd2 37. Qc6 Rc2 38. Qb6 Rb2 39. Qd6 Rc2 40. h4
gxh4 41. Rxh4 Qg5 42. Rh5 Qc1 43. Bxd5 Rxe2 44. Be4+ Rxe4 45. dxe4 Qg1+ 46. Kxg1 1/2-1/2

[Event "chess.com SpeedChess Q1Sw"]
[Site "chess.com INT"]
[Date "2022.11.10"]
[Round "5"]
[White "Rustemov, Alexander"]
[Black "Li, Ruifeng"]
[Result "1-0"]
[WhiteTitle "GM"]
[BlackTitle "GM"]
[WhiteElo "2525"]
[BlackElo "2541"]
[WhiteFideId "4119002"]
[BlackFideId "2061074"]
[EventDate "2022.11.10"]

1. d4 d5 2. c4 c6 3. Nc3 Nf6 4. e3 e6 5. Nf3 Nbd7 6. Qc2 Bd6 7. Bd2 O-O 8. O-O-O
e5 9. cxd5 cxd5 10. Nb5 Bb8 11. dxe5 Nxe5 12. Bc3 Ng6 13. Kb1 a6 14. Nbd4 Ne4
15. Bd3 Qe7 16. Rc1 Bd7 17. h4 h6 18. h5 Nxc3+ 19. Qxc3 Ne5 20. Bf5 Bd6 21. Bxd7
Qxd7 22. Qc2 Nxf3 23. gxf3 Be5 24. Qf5 Qd6 25. Rhd1 Rfd8 26. Rd2 Bf6 27. Rcd1 a5
28. Qd3 Qe5 29. Qf5 Qd6 30. Rc1 a4 31. a3 Qb6 32. Rc3 Qa6 33. Qd3 Qb6 34. f4 Qd6
35. Qb5 Rac8 36. Rxc8 Rxc8 37. Qxa4 Bxd4 38. Qxd4 Qa6 39. Qxd5 Qf1+ 40. Ka2 Qh3
41. Qd7 Qxd7 42. Rxd7 Rc5 43. Rxb7 Rxh5 44. a4 Ra5 45. Ka3 h5 46. b4 Ra8 47. Rc7
h4 48. b5 g6 49. Kb4 Kg7 50. b6 h3 51. Rc1 Kf6 52. a5 Ke6 53. Rh1 Rh8 54. b7 Kd6
55. Rxh3 Kc7 56. Rxh8 1-0

[Event "chess.com SpeedChess Q1Sw"]
[Site "chess.com INT"]
[Date "2022.11.10"]
[Round "5"]
[White "Sadhwani, Raunak"]
[Black "Kopylov, Alexander A."]
[Result "1-0"]
[WhiteTitle "GM"]
[BlackTitle "IM"]
[WhiteElo "2628"]
[BlackElo "2397"]
[WhiteFideId "35093487"]
[BlackFideId "4164857"]
[EventDate "2022.11.10"]

1. e4 c6 2. Nf3 g6 3. d3 Bg7 4. Nc3 e5 5. g3 d6 6. Bg2 Nf6 7. O-O O-O 8. d4 Nbd7
9. a4 a5 10. h3 Re8 11. Re1 h6 12. Be3 Qc7 13. Qd2 Kh7 14. Rad1 Nb6 15. b3 Nbd7
16. g4 Nf8 17. d5 c5 18. Nh2 g5 19. h4 gxh4 20. f3 Ng6 21. Nb5 Qd8 22. c3 Rg8
23. Kh1 Ne8 24. Rg1 Bd7 25. Bf1 Nf4 26. Bxf4 exf4 27. Na3 Be5 28. Nc4 Qf6 29.
Bh3 Rd8 30. b4 Bxc3 31. Qc2 axb4 32. g5 Rxg5 33. Rxg5 hxg5 34. Ng4 Qg6 35. Nb6
Bxg4 36. Bxg4 Ng7 37. Nc4 Kg8 38. Rg1 Qf6 39. Na5 b6 40. Nc4 Rb8 41. Rd1 Bd4 42.
Qd3 Be5 43. Nd2 Qe7 44. Qa6 Ne8 45. Nc4 Nf6 46. Bf5 b3 47. Rb1 b2 48. Kg2 Bd4
49. Nxb2 Bxb2 50. Rxb2 Qc7 51. Qb5 Kg7 52. a5 Ra8 53. Qc6 Qxc6 54. dxc6 bxa5 55.
c7 d5 56. Rb8 1-0

[Event "chess.com SpeedChess Q1Sw"]
[Site "chess.com INT"]
[Date "2022.11.10"]
[Round "5"]
[White "Shimanov, Aleksandr"]
[Black "Koziorowicz, Michal"]
[Result "1-0"]
[WhiteTitle "GM"]
[BlackTitle "FM"]
[WhiteElo "2581"]
[BlackElo "2296"]
[WhiteFideId "4198603"]
[BlackFideId "21809194"]
[EventDate "2022.11.10"]

1. e4 c5 2. Nf3 d6 3. d4 cxd4 4. Qxd4 Nc6 5. Bb5 Bd7 6. Qd3 g6 7. c4 Bg7 8. Nc3
Nf6 9. h3 O-O 10. O-O Rc8 11. Re1 Ne8 12. Be3 a6 13. Bxc6 Bxc6 14. Nd4 Nc7 15.
Nd5 Ne6 16. Nxe6 fxe6 17. Nb6 Rb8 18. Bd4 Bxd4 19. Qxd4 e5 20. Qe3 Rf4 21. f3
Qf8 22. c5 Rd8 23. Rad1 g5 24. cxd6 exd6 25. Nd5 Bxd5 26. Rxd5 Qe7 27. Red1 h6
28. Rc1 Rf6 29. a4 Rg6 30. Qb6 Rd7 31. Rc8+ Kh7 32. Qa5 h5 33. g4 Qf6 34. Kg2 h4
35. Qd2 Rf7 36. Rd3 d5 37. Qe3 d4 38. Qc1 Qe6 39. b3 Qe7 40. Rd2 Qb4 41. Rd3 b5
42. Qd2 Qa3 43. axb5 axb5 44. Rb8 Qa6 45. Re8 Qc6 46. Rxe5 Qf6 47. Rf5 Qe6 48.
Rxd4 Rgf6 49. Qxg5 Rxf5 50. gxf5 Qe5 51. Qxh4+ Kg8 52. Rd8+ Kg7 53. Qg5+ Kh7 54.
Qh5+ Kg7 55. Qh8# 1-0

[Event "chess.com SpeedChess Q1Sw"]
[Site "chess.com INT"]
[Date "2022.11.10"]
[Round "5"]
[White "Pranav, Anand"]
[Black "Tan, Zhongyi"]
[Result "0-1"]
[WhiteTitle "IM"]
[BlackTitle "GM"]
[WhiteElo "2502"]
[BlackElo "2514"]
[WhiteFideId "46626786"]
[BlackFideId "8603642"]
[EventDate "2022.11.10"]

1. Nf3 d5 2. g3 c5 3. Bg2 Nc6 4. O-O e5 5. d3 Nf6 6. Nc3 d4 7. Nb1 Bd6 8. c3 O-O
9. cxd4 exd4 10. Na3 h6 11. Nc4 Bc7 12. e4 b5 13. Na3 a6 14. Re1 Re8 15. h3 Bb7
16. Bd2 Nd7 17. Rc1 Nce5 18. Nxe5 Nxe5 19. Bf4 Ba5 20. Rf1 Rc8 21. Qe2 Qe7 22.
Bd2 Bb6 23. f4 Nxd3 24. Qxd3 c4 25. Nxc4 bxc4 26. Rxc4 Bxe4 27. Bxe4 Rxc4 28.
Re1 Qc7 29. b3 Rc3 30. Bh7+ Kf8 31. Rxe8+ Kxe8 32. Qe4+ Kf8 33. Bxc3 dxc3+ 34.
Kg2 g6 35. Qa8+ Qd8 36. Qxa6 Kg7 37. Qc4 Qd2+ 38. Kf3 c2 39. Bxg6 Kxg6 40. Qe4+
Kg7 41. Qe5+ Kf8 42. Qh8+ Ke7 43. Qe5+ Kd7 44. Qb5+ Kc7 45. Qc4+ Kb8 46. Qxf7
c1=Q 47. Qe8+ Qc8 48. Qe5+ Kb7 49. Qe4+ Qc6 0-1

[Event "chess.com SpeedChess Q1Sw"]
[Site "chess.com INT"]
[Date "2022.11.10"]
[Round "5"]
[White "Bartel, Mateusz"]
[Black "Bortnyk, Olexandr"]
[Result "1-0"]
[WhiteTitle "GM"]
[BlackTitle "GM"]
[WhiteElo "2627"]
[BlackElo "2604"]
[WhiteFideId "1112635"]
[BlackFideId "14120828"]
[EventDate "2022.11.10"]

1. e4 Nf6 2. Nc3 d6 3. d4 Nbd7 4. Nf3 e5 5. Rg1 c6 6. g4 exd4 7. Nxd4 h6 8. Be3
d5 9. exd5 cxd5 10. Qe2 Be7 11. O-O-O O-O 12. g5 hxg5 13. Bxg5 Nc5 14. Bh6 Ne8
15. Qh5 Be6 16. Bd3 Nxd3+ 17. Rxd3 Bd6 18. Rf3 Rc8 19. Nf5 Bxf5 20. Qxf5 Rc6 21.
Nxd5 Bxh2 22. Bg5 f6 23. Rh1 Rd6 24. c4 Nc7 25. Rxh2 Nxd5 26. Qh7+ Kf7 27. cxd5
Qc8+ 28. Rc3 Qg4 29. Be3 Rxd5 30. Rh1 Rfd8 31. Qc2 R8d7 32. Rc7 Rxc7 33. Qxc7+
Rd7 34. Qc2 b5 35. Kb1 Qe6 36. Rc1 a5 37. a3 b4 38. axb4 axb4 39. Qc4 g5 40.
Qxe6+ Kxe6 41. Kc2 Rg7 42. Kb3 f5 43. Kxb4 f4 44. Bd4 Rd7 45. Kc3 Kf5 46. f3 Rb7
47. b4 g4 48. fxg4+ Kxg4 49. Bc5 f3 50. Rg1+ Kf4 51. Rg8 Ke4 52. Re8+ Kf4 53.
Rf8+ Ke4 54. Kc4 Rd7 55. Re8+ Kf4 56. Rf8+ Ke4 57. b5 Rd1 58. b6 Rb1 59. Bb4
Rc1+ 60. Kb5 f2 61. Rxf2 1-0

[Event "chess.com SpeedChess Q1Sw"]
[Site "chess.com INT"]
[Date "2022.11.10"]
[Round "5"]
[White "Borgaonkar, Akshay"]
[Black "Yang, Kaiqi"]
[Result "1/2-1/2"]
[WhiteTitle "CM"]
[BlackTitle "GM"]
[WhiteElo "2135"]
[BlackElo "2481"]
[WhiteFideId "25639110"]
[BlackFideId "8604398"]
[EventDate "2022.11.10"]

1. Nf3 g6 2. d4 Bg7 3. e4 d6 4. Bd3 a6 5. c3 Nd7 6. Be3 b6 7. Nbd2 Bb7 8. O-O e6
9. Qe2 Ngf6 10. h3 O-O 11. Nh2 c5 12. Ng4 h5 13. Nxf6+ Nxf6 14. f4 cxd4 15. cxd4
d5 16. e5 Ne4 17. Nxe4 dxe4 18. Bc4 b5 19. Bb3 Rc8 20. Rac1 Qd7 21. g4 hxg4 22.
hxg4 Rxc1 23. Rxc1 Rc8 24. Rxc8+ Qxc8 25. f5 exf5 26. Qf2 Qd7 27. gxf5 Qxf5 28.
Qxf5 gxf5 29. Bf4 Kf8 30. d5 Ke8 31. Kf2 Bf8 32. Be3 Bg7 33. Bf4 Bf8 34. Be3 a5
35. a3 a4 36. Ba2 b4 37. axb4 Bxb4 38. Kg3 a3 39. bxa3 Bxa3 40. Kf4 Bc8 41. e6
fxe6 42. dxe6 Bd6+ 43. Kxf5 Bb7 44. Bb1 Ke7 45. Bg5+ Ke8 46. Bc2 Bc6 47. Bd1 Be7
48. Bh5+ Kd8 49. Be3 Bd5 50. Ke5 Bc6 51. Bg6 Kc7 52. Bxe4 Bxe4 53. Kxe4 Kd8 54.
Kd5 Ke8 55. Kc6 Bf6 56. Bc5 Be5 57. Kd5 Bf4 58. Bd6 Bxd6 59. Kxd6 Kd8 60. Ke5
Ke7 61. Kd5 Ke8 62. Ke4 Ke7 63. Ke5 Ke8 64. Kf6 Kf8 65. e7+ Ke8 66. Ke5 Kxe7 1/2-1/2

[Event "chess.com SpeedChess Q1Sw"]
[Site "chess.com INT"]
[Date "2022.11.10"]
[Round "5"]
[White "Chigaev, Maksim"]
[Black "Goltseva, Ekaterina"]
[Result "1-0"]
[WhiteTitle "GM"]
[BlackTitle "FM"]
[WhiteElo "2632"]
[BlackElo "2265"]
[WhiteFideId "4108116"]
[BlackFideId "24173770"]
[EventDate "2022.11.10"]

1. Nf3 d5 2. c4 d4 3. b4 Nf6 4. Bb2 c5 5. g3 Nc6 6. b5 Na5 7. d3 b6 8. Bg2 Bb7
9. O-O e6 10. e3 dxe3 11. fxe3 Be7 12. Qe2 O-O 13. Nc3 Qc7 14. Rad1 Rad8 15. Ng5
Bxg2 16. Kxg2 Qb7+ 17. Kg1 Rd7 18. Nf3 Qc7 19. Rd2 Rfd8 20. Nd1 Ng4 21. Kg2 Bf6
22. Nc3 Qb7 23. e4 Ne5 24. Nxe5 Bxe5 25. Rfd1 Qb8 26. Na4 Bxb2 27. Nxb2 Qe5 28.
Rc2 Rd4 29. Rf1 Qg5 30. Qf3 R8d7 31. Rcf2 f6 32. Qf4 Qxf4 33. gxf4 Nb7 34. Kf3
Kf7 35. Ke3 R4d6 36. e5 Rd4 37. Rd2 Rd8 38. Nd1 Na5 39. Rff2 R4d7 40. Nc3 Rd4
41. Ne4 Nb7 42. Ng3 f5 43. Ne2 R4d7 44. d4 Na5 45. Kd3 cxd4 46. Rf3 Rc8 47. Rc2
Rdc7 48. Nxd4 Rxc4 49. Rxc4 Rxc4 50. Rf2 Ra4 51. Rc2 Ra3+ 52. Ke2 Ra4 53. Rc7+
Kg6 54. Nxe6 Rxa2+ 55. Kf3 Rxh2 56. Rxg7+ Kh6 57. Rxa7 1-0

[Event "chess.com SpeedChess Q1Sw"]
[Site "chess.com INT"]
[Date "2022.11.10"]
[Round "5"]
[White "Kazakov, Mikhail"]
[Black "Harshavardhan, G B"]
[Result "0-1"]
[WhiteTitle "GM"]
[BlackTitle "IM"]
[WhiteElo "2513"]
[BlackElo "2426"]
[WhiteFideId "14102749"]
[BlackFideId "25059009"]
[EventDate "2022.11.10"]

1. e4 c5 2. Nf3 d6 3. d4 cxd4 4. Nxd4 Nf6 5. Nc3 a6 6. Be2 e5 7. Nb3 Be7 8. O-O
O-O 9. Kh1 b5 10. a4 b4 11. Nd5 Nxd5 12. Qxd5 Ra7 13. Be3 Be6 14. Qd2 Rb7 15. f4
exf4 16. Bxf4 d5 17. Bf3 dxe4 18. Qxd8 Rxd8 19. Bxe4 Rbd7 20. Bf3 Bf6 21. Nc5
Re7 22. Rad1 Ree8 23. Nxe6 fxe6 24. b3 Rc8 25. Be4 Nc6 26. Rd6 Nd4 27. Rxa6 Nxc2
28. Rb6 Rc3 29. a5 Ne3 30. Re1 Ng4 31. Bg3 Rxb3 32. a6 Ra3 33. Bc6 Rd8 34. Rxb4
Ne5 35. Bb7 Nd3 36. Rbe4 Nxe1 37. Rxe1 Kf7 38. Bf4 Rd4 39. g3 Rda4 40. Kg2 Ra1
41. Rxa1 Rxa1 42. Be3 Ra2+ 43. Kf3 Ra3 44. Ke4 Ra4+ 45. Kf3 Ra3 46. Ke2 Ra2+ 47.
Kd3 Ra3+ 48. Kd2 Bc3+ 49. Kc2 Be1 50. a7 h5 51. a8=Q Rxa8 52. Bxa8 h4 0-1

[Event "chess.com SpeedChess Q1Sw"]
[Site "chess.com INT"]
[Date "2022.11.10"]
[Round "5"]
[White "Ahn, Hongjin"]
[Black "Balaji, Aaravamudhan"]
[Result "0-1"]
[WhiteTitle "IM"]
[BlackTitle "CM"]
[WhiteElo "2282"]
[BlackElo "2353"]
[WhiteFideId "13201492"]
[BlackFideId "436224"]
[EventDate "2022.11.10"]

1. Nf3 e6 2. g3 d5 3. Bg2 Nf6 4. O-O Be7 5. c4 O-O 6. d3 dxc4 7. dxc4 Qxd1 8.
Rxd1 c5 9. Nc3 Nc6 10. Bf4 Nh5 11. Ne5 Nxf4 12. Nxc6 Nxe2+ 13. Nxe2 bxc6 14.
Bxc6 Rb8 15. b3 Rb6 16. Bf3 Rd8 17. Rxd8+ Bxd8 18. Rd1 Bc7 19. Nc3 Rd6 20. Kf1
Kf8 21. Ke2 Ke7 22. Rxd6 Bxd6 23. Kd3 Be5 24. Ne2 g5 25. Bc6 Bb2 26. Nc3 Bxc3
27. Kxc3 Kd6 28. Bg2 f5 29. a3 e5 30. Bd5 e4 31. b4 Bd7 32. b5 Bxb5 33. Bxe4
fxe4 34. cxb5 Kc7 35. Kc4 Kb6 36. a4 Ka5 37. Kxc5 Kxa4 38. h4 g4 39. h5 Kb3 40.
h6 Kc3 41. Kc6 Kc4 42. b6 axb6 43. Kxb6 Kd3 44. Kc5 Ke2 45. Kd4 Kxf2 46. Kxe4
Kxg3 47. Kf5 Kf3 48. Kf6 g3 49. Kg7 g2 50. Kxh7 g1=Q 51. Kh8 Qd4+ 52. Kg8 Qd5+
53. Kh8 Qe5+ 54. Kg8 Qe6+ 55. Kg7 Qe7+ 56. Kg8 Kg4 57. h7 Kg5 58. h8=Q Kg6 59.
Qf6+ Kxf6 60. Kh8 Qg7# 0-1

[Event "chess.com SpeedChess Q1Sw"]
[Site "chess.com INT"]
[Date "2022.11.10"]
[Round "5"]
[White "Martinez Alcantara, Jose Eduardo"]
[Black "Ter-Sahakyan, Samvel"]
[Result "1-0"]
[WhiteTitle "GM"]
[BlackTitle "GM"]
[WhiteElo "2597"]
[BlackElo "2605"]
[WhiteFideId "3805662"]
[BlackFideId "13302531"]
[EventDate "2022.11.10"]

1. e4 c6 2. d4 d5 3. e5 Bf5 4. h4 h5 5. Bd3 Bxd3 6. Qxd3 Qa5+ 7. b4 Qa6 8. e6
Qxd3 9. cxd3 fxe6 10. Nd2 Nd7 11. Ndf3 e5 12. dxe5 e6 13. Rb1 Nh6 14. Nh3 Ng4
15. d4 Be7 16. Bg5 Rf8 17. Ke2 Nb6 18. g3 Nc4 19. Nf4 Kd7 20. Bxe7 Rxf4 21. gxf4
Kxe7 22. f5 Rf8 23. fxe6 Rf4 24. Rb3 Re4+ 25. Kf1 Rf4 26. Kg2 Nh6 27. b5 cxb5
28. Rxb5 b6 29. Rxd5 Nf5 30. Rd7+ Kxe6 31. Rxa7 Rg4+ 32. Kf1 Kd5 33. Rh3 Rf4 34.
Kg2 Rg4+ 35. Kh2 Rf4 36. Ra8 Ke4 37. Ng5+ Kd5 38. Rd8+ Kc6 39. d5+ Kb7 40. Nf3
Re4 41. e6 Re2 42. Rd7+ Ka6 43. Kg1 Rxa2 44. Rf7 g6 45. Rf6 Ra1+ 46. Kg2 Ra2 47.
Ng5 Nfe3+ 48. Rxe3 Nxe3+ 49. Kf3 Nxd5 50. Rxg6 Ra3+ 51. Ke4 Nc3+ 52. Ke5 Ra5+
53. Kd6 Rd5+ 54. Ke7 Rd2 55. f4 Nd5+ 56. Kf7 Nxf4 57. e7 Re2 58. Re6 Nxe6 59.
Nxe6 Rf2+ 60. Kg7 Rg2+ 61. Kh7 Rg4 62. e8=Q Rxh4 63. Nc7+ Kb7 64. Nd5 Rc4 65.
Qd7+ Ka6 66. Kg6 Rc5 67. Kxh5 1-0

[Event "chess.com SpeedChess Q1Sw"]
[Site "chess.com INT"]
[Date "2022.11.10"]
[Round "5"]
[White "Hammer, Jon Ludvig"]
[Black "Sattarov, Bobir"]
[Result "0-1"]
[WhiteTitle "GM"]
[WhiteElo "2625"]
[BlackElo "2433"]
[WhiteFideId "1503707"]
[BlackFideId "14203081"]
[EventDate "2022.11.10"]

1. e4 e5 2. Nf3 Nc6 3. Bb5 a6 4. Ba4 Bc5 5. O-O Qf6 6. Bxc6 dxc6 7. d3 Ne7 8.
Bg5 Qd6 9. Nbd2 f6 10. Nc4 Qd8 11. Be3 Bxe3 12. Nxe3 c5 13. Nh4 O-O 14. g3 Bh3
15. Nhg2 Qd4 16. b3 Rad8 17. Qh5 Bxg2 18. Kxg2 b5 19. a4 c6 20. axb5 axb5 21.
Ra7 Rd7 22. Rfa1 Rfd8 23. Qg4 Qd6 24. h4 Kh8 25. h5 h6 26. R1a6 Kh7 27. Ra8 Qc7
28. Nf5 Nxf5 29. Qxf5+ Kh8 30. Rxd8+ Rxd8 31. Qe6 Rc8 32. Ra7 Qxa7 33. Qxc8+ Kh7
34. Qxc6 b4 35. Qc8 Qe7 36. Qf5+ Kh8 37. Kh3 Qd6 38. Kg4 Qd4 39. Qf3 Qd7+ 40.
Kh4 Qd4 41. Qe3 Qc3 42. Qe2 Qd4 43. Kh3 Kg8 44. Kg2 Kf7 45. f4 Qd6 46. Qg4 Qd4
47. Qc8 exf4 48. gxf4 Qe3 49. Qd7+ Kg8 50. Qe8+ Kh7 51. Qg6+ Kh8 52. Qg3 Qe2+
53. Qf2 Qg4+ 54. Qg3 Qxh5 55. Qe3 Qg4+ 56. Kf2 Qh4+ 57. Qg3 Qh5 58. f5 Qd1 59.
Qg6 Qxc2+ 60. Ke3 Qxb3 61. Qe8+ Kh7 62. Qg6+ Kh8 63. Qe8+ Qg8 64. Qc6 b3 65. Kd2
Qb8 66. Kc1 h5 67. Kb2 Kh7 0-1

[Event "chess.com SpeedChess Q1Sw"]
[Site "chess.com INT"]
[Date "2022.11.10"]
[Round "5"]
[White "Terry, Renato"]
[Black "Pichot, Alan"]
[Result "1/2-1/2"]
[WhiteTitle "IM"]
[BlackTitle "GM"]
[WhiteElo "2516"]
[BlackElo "2637"]
[WhiteFideId "3803457"]
[BlackFideId "110973"]
[EventDate "2022.11.10"]

1. d4 Nf6 2. Nf3 d5 3. c4 e6 4. e3 b6 5. cxd5 exd5 6. Qa4+ c6 7. Bd3 Bd6 8. Ne5
O-O 9. f4 c5 10. O-O a6 11. Nc3 Bb7 12. Bd2 b5 13. Qc2 Qb6 14. Ne2 c4 15. Bf5 g6
16. Bh3 Nc6 17. Ng3 Rae8 18. Kh1 b4 19. Qd1 a5 20. Qf3 Ba6 21. Rfc1 Nd8 22. a3
c3 23. bxc3 b3 24. Rcb1 a4 25. Bc1 Ne4 26. Nxe4 dxe4 27. Qxe4 Bb7 28. Qd3 f6 29.
Nc4 Qb5 30. Nb2 Qxd3 31. Nxd3 Be4 32. Nb2 Bxb1 33. Rxb1 Bxa3 34. Bd7 Re7 35.
Bxa4 Rb7 36. Nd3 Bxc1 37. Nxc1 b2 38. Nd3 Ra7 39. Nxb2 Rb7 40. Bc2 Nf7 41. Nd3
Rxb1+ 42. Bxb1 Rb8 43. Bc2 Re8 44. Kg1 Rxe3 45. Kf2 Re8 46. Nc5 Nd6 47. Bd3 Kf8
48. Kf3 Ke7 49. Ke3 Ra8 50. Ne4 Nf5+ 51. Kf3 Ra2 52. g3 Rxh2 53. g4 Nd6 54. Nc5
Ra2 55. Ke3 Ra3 56. Kd2 h5 57. gxh5 gxh5 58. Ne4 Nxe4+ 59. Bxe4 h4 60. Bf5 Kd6
61. Kd3 Ra2 62. c4 h3 63. c5+ Kc7 64. d5 h2 65. d6+ Kc6 66. Be4+ Kd7 67. Bf5+
Kc6 68. Be4+ Kd7 69. Bf5+ Kc6 1/2-1/2

[Event "chess.com SpeedChess Q1Sw"]
[Site "chess.com INT"]
[Date "2022.11.10"]
[Round "5"]
[White "Yuan, Qingyu"]
[Black "Eljanov, Pavel"]
[Result "0-1"]
[BlackTitle "GM"]
[WhiteElo "2373"]
[BlackElo "2706"]
[WhiteFideId "8609772"]
[BlackFideId "14102951"]
[EventDate "2022.11.10"]

1. e4 e5 2. Nc3 Nf6 3. Bc4 Bc5 4. d3 O-O 5. Nf3 c6 6. Bg5 h6 7. Bh4 b5 8. Bb3 a5
9. a4 b4 10. Ne2 Re8 11. O-O d6 12. Kh1 Bg4 13. Nd2 g5 14. Bg3 Nbd7 15. f3 Be6
16. c3 Rb8 17. d4 Ba7 18. Bxe6 Rxe6 19. Nc4 Nh5 20. Bf2 Qc7 21. Qc2 d5 22. exd5
cxd5 23. Nxe5 Nxe5 24. dxe5 Bxf2 25. Rxf2 Qxe5 26. Nd4 Reb6 27. Re2 Qf6 28. Rae1
Ng7 29. h3 bxc3 30. bxc3 Ne6 31. Nxe6 fxe6 32. Qd3 Rc8 33. Re5 Kg7 34. Qe3 Rcc6
35. Qd4 Kf7 36. Qd3 Qg6 37. Qe3 Kg7 38. f4 gxf4 39. Qxf4 Rc4 40. Qf3 Rb1 41.
Rxb1 Qxb1+ 42. Kh2 Qg6 43. Qe2 Re4 44. Rxe4 dxe4 45. Qe3 Qf5 46. Qg3+ Kf6 47.
Qe3 h5 48. c4 Qe5+ 49. Kg1 Kf5 50. Qf2+ Kg6 51. c5 e3 52. Qc2+ Kg5 53. Kf1 Qf4+
54. Ke2 Qf2+ 55. Kd3 Qf5+ 56. Kc3 Qxc5+ 57. Kd3 Qxc2+ 58. Kxc2 Kf4 59. Kd3 Kg3
60. Kxe3 Kxg2 61. Kf4 Kxh3 62. Ke5 Kg3 63. Kxe6 h4 64. Kd5 h3 65. Kc4 h2 66. Kb5
h1=Q 67. Kxa5 Qc6 68. Kb4 Kf4 69. a5 Ke4 0-1

[Event "chess.com SpeedChess Q1Sw"]
[Site "chess.com INT"]
[Date "2022.11.10"]
[Round "5"]
[White "Dubov, Daniil"]
[Black "Duda, Jan-Krzysztof"]
[Result "0-1"]
[WhiteTitle "GM"]
[BlackTitle "GM"]
[WhiteElo "2708"]
[BlackElo "2731"]
[WhiteFideId "24126055"]
[BlackFideId "1170546"]
[EventDate "2022.11.10"]

1. d4 Nf6 2. Nf3 g6 3. c4 Bg7 4. Nc3 d5 5. Bg5 Ne4 6. Bf4 Nxc3 7. bxc3 dxc4 8.
e3 Be6 9. Qb1 b6 10. h4 h6 11. Be2 Nd7 12. O-O c6 13. Nd2 Bf5 14. e4 Be6 15. h5
g5 16. Be3 b5 17. a4 a6 18. f4 gxf4 19. Bxf4 Nb6 20. a5 Nc8 21. Qe1 Nd6 22. Qg3
Rg8 23. Kh1 Kd7 24. Qe3 Qf8 25. Nf3 Rc8 26. Rad1 Rc7 27. d5 cxd5 28. exd5 Bg4
29. Rfe1 Bf6 30. Ne5+ Bxe5 31. Qxe5 Bxe2 32. Rxe2 Kc8 33. Rde1 Qg7 34. Qxg7 Rxg7
35. Rxe7 Rxe7 36. Rxe7 Nf5 37. Rc7+ Kd8 38. Ra7 Rg4 39. Be5 Re4 40. Bf6+ Ke8 41.
Rxa6 Ne3 42. Bd4 Nxd5 43. Rxh6 b4 44. Rd6 Rxd4 45. cxd4 b3 46. Rxd5 b2 47. Rb5
c3 48. Kh2 c2 49. Rxb2 c1=Q 50. Rf2 Qg5 51. a6 Qh4+ 52. Kg1 Qxd4 53. h6 Kf8 54.
g3 Qb6 55. h7 Kg7 56. Kg2 Qc6+ 57. Kg1 Qc5 58. Kg2 Qd5+ 59. Kg1 Kxh7 60. a7 Kg7
61. Rf4 Qc5+ 62. Kg2 Qxa7 63. Rg4+ Kf8 64. Rf4 Qe3 65. Rf3 Qe4 66. Kf2 Qc2+ 67.
Kg1 Ke7 68. Rf4 Ke6 69. Kh1 f5 70. Kg1 Ke5 71. Rh4 Qe2 72. Rf4 Qe3+ 73. Kg2 Qe1
74. Rf2 Qe4+ 75. Kg1 Kd4 76. Rf4 Kd3 77. Rxe4 fxe4 78. Kf2 Kd2 79. g4 e3+ 80.
Kg3 e2 0-1

[Event "chess.com SpeedChess Q1Sw"]
[Site "chess.com INT"]
[Date "2022.11.10"]
[Round "5"]
[White "Svane, Rasmus"]
[Black "Le, Tuan Minh"]
[Result "0-1"]
[WhiteTitle "GM"]
[BlackTitle "IM"]
[WhiteElo "2619"]
[BlackElo "2542"]
[WhiteFideId "4657101"]
[BlackFideId "12401153"]
[EventDate "2022.11.10"]

1. Nf3 d5 2. g3 Nd7 3. d4 Nb6 4. Nc3 Nf6 5. Bg2 h6 6. a4 a5 7. Nd2 Bf5 8. e4
dxe4 9. Ndxe4 Nxe4 10. Nxe4 e6 11. O-O c6 12. c3 Nd5 13. Qb3 Qb6 14. Qxb6 Nxb6
15. Bf4 Bxe4 16. Bxe4 Kd7 17. Rfb1 Nd5 18. Bxd5 cxd5 19. Kf1 Be7 20. Ke2 Rhc8
21. Kd3 h5 22. h4 f6 23. Rg1 Rh8 24. Rae1 Ra6 25. Re2 Rh7 26. Bc1 Rc6 27. f3 Rh8
28. Reg2 g5 29. hxg5 fxg5 30. f4 gxf4 31. Bxf4 Rc4 32. b3 Rcc8 33. Rh1 Rcf8 34.
Ke3 Rc8 35. Kd3 Rcf8 36. Rgh2 h4 37. Ke3 Rc8 38. Kd2 Rcf8 39. Be3 hxg3 40. Rxh8
g2 41. R1h7 Rxh8 42. Rxh8 Bg5 43. Rg8 g1=Q 44. Rxg5 Qb1 45. Rg7+ Kc6 46. Re7
Qb2+ 47. Kd3 Qb1+ 48. Kd2 Qxb3 49. Rxe6+ Kd7 50. Re5 b5 51. axb5 Qb2+ 52. Kd3
Qxb5+ 53. Kc2 a4 54. Bc1 Qb3+ 55. Kd2 Kd6 56. Rg5 a3 57. Bxa3+ Qxa3 58. Rg6+ Kd7
59. Rg5 Qb2+ 60. Kd3 Kc6 61. Re5 Qb1+ 62. Kd2 Qf1 63. Kc2 Qa1 64. Kb3 Qb1+ 65.
Ka3 Qb8 66. Rf5 Qc8 67. Re5 Qa8+ 68. Kb3 Qb8+ 69. Kc2 Qf8 70. Kb3 Qf1 71. Kc2
Qc4 72. Kb2 Kb5 73. Re8 Qc6 74. Rb8+ Kc4 75. Rb4+ Kd3 76. Rb3 Kd2 77. Ra3 Qg6
78. Rb3 Qc2+ 79. Ka3 Qxc3 80. Rxc3 Kxc3 81. Ka2 Kxd4 82. Kb2 Ke3 83. Kc2 d4 0-1

[Event "chess.com SpeedChess Q1Sw"]
[Site "chess.com INT"]
[Date "2022.11.10"]
[Round "6"]
[White "Yang, Kaiqi"]
[Black "Yuan, Qingyu"]
[Result "0-1"]
[WhiteTitle "GM"]
[WhiteElo "2481"]
[BlackElo "2373"]
[WhiteFideId "8604398"]
[BlackFideId "8609772"]
[EventDate "2022.11.10"]

1. e4 c6 2. d4 d5 3. e5 c5 4. dxc5 e6 5. Be3 Nd7 6. b4 a5 7. c3 Nxe5 8. Nf3
Nxf3+ 9. Qxf3 Nf6 10. Nd2 Be7 11. Bd4 O-O 12. Bd3 Nd7 13. Qg3 e5 14. Be3 f5 15.
f4 Bh4 16. O-O Bxg3 17. hxg3 axb4 18. cxb4 d4 19. Bf2 Kh8 20. fxe5 Nxe5 21. Bc2
d3 22. Bb3 Ng4 23. Rfe1 Nxf2 24. Kxf2 Qd4+ 25. Kf1 f4 26. Nf3 fxg3 0-1

[Event "chess.com SpeedChess Q1Sw"]
[Site "chess.com INT"]
[Date "2022.11.10"]
[Round "6"]
[White "Dixit, Nikhil"]
[Black "Csonka, Balazs"]
[Result "1/2-1/2"]
[WhiteTitle "FM"]
[BlackTitle "IM"]
[WhiteElo "2306"]
[BlackElo "2497"]
[WhiteFideId "5059534"]
[BlackFideId "742910"]
[EventDate "2022.11.10"]

1. e4 e5 2. Nf3 Nc6 3. Nc3 Nf6 4. d4 exd4 5. Nxd4 Bc5 6. Nxc6 bxc6 7. Bd3 O-O 8.
O-O d5 9. exd5 cxd5 10. Bg5 c6 11. Qf3 Rb8 12. Rae1 h6 13. Bxh6 Bg4 14. Qf4 gxh6
15. Qxh6 Qd6 16. Qg5+ Kh8 17. Qh6+ Kg8 18. Qg5+ Kh8 19. Qh6+ Kg8 1/2-1/2

[Event "chess.com SpeedChess Q1Sw"]
[Site "chess.com INT"]
[Date "2022.11.10"]
[Round "6"]
[White "Sreyas, Payyappat"]
[Black "Odegov, Artem"]
[Result "0-1"]
[WhiteTitle "FM"]
[BlackTitle "FM"]
[WhiteElo "2145"]
[BlackElo "2286"]
[WhiteFideId "46674969"]
[BlackFideId "34183644"]
[EventDate "2022.11.10"]

1. e4 e6 2. d4 d5 3. Nc3 Bb4 4. e5 c5 5. a3 Bxc3+ 6. bxc3 Ne7 7. Qg4 cxd4 8.
cxd4 Qc7 9. Bd2 Nbc6 10. Bb5 Bd7 11. Bxc6 Bxc6 12. Qxg7 O-O-O 13. Qxf7 Rdf8 14.
Qxe6+ Kb8 15. Bb4 Nf5 16. Nf3 Rf7 17. Ng5 Nxd4 18. Qxf7 Qxe5+ 19. Kf1 Bb5+ 20.
Kg1 Ne2+ 21. Kf1 Qxa1+ 22. Be1 Ng3+ 23. Kg1 Qxe1# 0-1